|
|
|
|
| LEADER |
01344cam a2200373 a 4500 |
| 001 |
nkc20142537474 |
| 003 |
CZ PrNK |
| 005 |
20140530100739.0 |
| 007 |
ta |
| 008 |
131210s2013 xr a e 000 f cze d |
| 015 |
|
|
|a cnb002537474
|
| 020 |
|
|
|a 978-80-87580-63-9
|q (brož.)
|
| 035 |
|
|
|a (OCoLC)872340352
|
| 040 |
|
|
|a KLG001
|b cze
|d ABA001
|
| 041 |
1 |
|
|a cze
|h fre
|
| 072 |
|
7 |
|a 821.133.1-3
|x Francouzská próza, francouzsky psaná
|2 Konspekt
|9 25
|
| 080 |
|
|
|a 821.133.1-31
|2 MRF
|
| 080 |
|
|
|a (0:82-31)
|2 MRF
|
| 100 |
1 |
|
|a Daumal, René,
|d 1908-1944
|7 ola2002159097
|4 aut
|
| 245 |
1 |
0 |
|a Hora analogie :
|b román příběhů alpských, neeuklidovských a symbolicky autentických /
|c René Daumal ; [z francouzského vydání ... přeložili Ladislav Šerý (Hora analogie) a Jakub Hlaváček (dodatky)]
|
| 250 |
|
|
|a Vyd. 1.
|
| 260 |
|
|
|a Praha :
|b Malvern,
|c 2013
|
| 300 |
|
|
|a 132 s. :
|b il. ;
|c 19 cm
|
| 490 |
1 |
|
|a Čtvrtá cesta
|
| 504 |
|
|
|a Obsahuje bibliografické odkazy
|
| 655 |
|
7 |
|a francouzské romány
|7 fd132289
|2 czenas
|
| 655 |
|
9 |
|a French fiction
|2 eczenas
|
| 765 |
0 |
|
|t Mont analogue
|9 Česky
|
| 830 |
|
0 |
|a Čtvrtá cesta
|0 s
|
| 910 |
2 |
|
|a BOA001
|b 1-1327.894
|
| 990 |
|
|
|a BK
|
| 995 |
|
|
|a 01
|
| 991 |
|
|
|b 201405
|c NOV
|e b
|
| 996 |
6 |
|
|b 2610592852
|c 1-1327.894
|l MZK
|r Sklad / do 1 hodiny
|n 5
|p p.v.
|w 001425998
|u 000010
|a 1
|e BOA001
|j MZK50
|s P
|